[Event "CAN-ch U08"]
[Site "Windsor"]
[Date "2015.07.07"]
[Round "3.135"]
[White "Crowley, Dylan"]
[Black "Chang, Alexander Rz"]
[Result "0-1"]
[WhiteElo "357"]
[BlackElo "867"]
[PlyCount "60"]
[EventDate "2015.07.06"]
[EventType "swiss"]
[EventRounds "7"]
[EventCountry "CAN"]
[SourceTitle "EXT 2022"]
[Source "ChessBase"]
[SourceDate "2021.10.06"]
[SourceVersion "1"]
[SourceVersionDate "2021.10.06"]
[SourceQuality "1"]

1. d4 c5 2. dxc5 Qa5+ 3. Bd2 Qxc5 4. e3 Qb6 5. Bc3 Nc6 6. Be2 d6 7. Nd2 Bf5 8. Bh5 Be4 9. Qg4 Bg6 10. Bxg6 hxg6 11. Bd4 Nxd4 12. a3 Qxb2 13. Rb1 Qxa3 14. Rxb7 Ne6 15. Ne2 Nf6 16. Qf3 Qa6 17. Rxe7+ Kxe7 18. Qxa8 Qa2 19. Qb7+ Nd7 20. Nc3 Qa1+ 21. Nd1 Qa5 22. Nc3 Qxc3 23. Ke2 Qc7 24. Rb1 Qxb7 25. Rxb7 Kd8 26. Rxa7 Rh5 27. Ra8+ Ke7 28. Rxf8 Ndxf8 29. g4 Rxh2 30. Kf3 Ng5+ 0-1